Platería europea en España, 1300-1700 (Record no. 776)

MARC details
000 -CABECERA
campo de control de longitud fija 01137nam a2200241 a 4500
001 - NÚMERO DE CONTROL
campo de control BRCA_881
005 - FECHA Y HORA DE LA ÚLTIMA TRANSACCIÓN
campo de control 20190320203206.0
008 - DATOS DE LONGITUD FIJA--INFORMACIÓN GENERAL
campo de control de longitud fija 980102s1997 sp-a---##b---#001-0#spa-d
020 ## - NÚMERO INTERNACIONAL ESTÁNDAR DEL LIBRO
Número Internacional Estándar del Libro 848991303X
040 ## - FUENTE DE LA CATALOGACIÓN
Centro catalogador/agencia de origen DLC
Centro/agencia transcriptor DLC
050 #4 - SIGNATURA TOPOGRÁFICA DE LA BIBLIOTECA DEL CONGRESO
Número de clasificación NK7142
Número de documento/Ítem .C78 1997
100 1# - ENTRADA PRINCIPAL--NOMBRE DE PERSONA
Nombre de persona Cruz Valdovinos, José Manuel
Fechas asociadas al nombre 1943-
9 (RLIN) 2201
245 10 - MENCIÓN DE TÍTULO
Título Platería europea en España, 1300-1700
Mención de responsabilidad, etc. José Manuel Cruz Valdovinos.
260 ## - PUBLICACIÓN, DISTRIBUCIÓN, ETC.
Lugar de publicación, distribución, etc. [Madrid]
Nombre del editor, distribuidor, etc. Fundación Central Hispano
Fecha de publicación, distribución, etc. 1997
300 ## - DESCRIPCIÓN FÍSICA
Extensión 378 p.
Otras características físicas il. a color
Dimensiones 30 cm.
500 ## - NOTA GENERAL
Nota general Incluye relación por orden alfabético de los plateros artífices de las obras estudiadas con su número de catálogo, índice por orden alfabético de localidades, de las sedes y colecciones donde se conservan las piezas expuestas
500 ## - NOTA GENERAL
Nota general Catálogo de la exposición realizada en la Fundación Hispano Central, Sala de Exposiciones, 15 octubre - 14 diciembre, 1997
504 ## - NOTA DE BIBLIOGRAFÍA, ETC.
Nota de bibliografía, etc. Incluye referencias bibliográficas
650 14 - PUNTO DE ACCESO ADICIONAL DE MATERIA--TÉRMINO DE MATERIA
Término de materia o nombre geográfico como elemento de entrada Trabajos en plata
Subdivisión de forma Exposiciones
Subdivisión geográfica Europa
9 (RLIN) 2934
650 14 - PUNTO DE ACCESO ADICIONAL DE MATERIA--TÉRMINO DE MATERIA
Término de materia o nombre geográfico como elemento de entrada Orfebrería
Subdivisión de forma Exposiciones
Subdivisión geográfica Europa
9 (RLIN) 2935
650 14 - PUNTO DE ACCESO ADICIONAL DE MATERIA--TÉRMINO DE MATERIA
Término de materia o nombre geográfico como elemento de entrada Plata de la iglesia
Subdivisión de forma Exposiciones
Subdivisión geográfica Europa
9 (RLIN) 2936
942 ## - ELEMENTOS DE PUNTO DE ACCESO ADICIONAL (KOHA)
Fuente del sistema de clasificación o colocación Library of Congress Classification
Tipo de ítem Koha Libros
Holdings
Estado de retiro Estado de pérdida Estado dañado No para préstamo Localización permanente Ubicación/localización actual Fecha de adquisición Total de préstamos Signatura topográfica completa Código de barras Fecha visto por última vez Precio válido a partir de Tipo de ítem Koha
El ejemplar forma parte de la colección y puede ser consultado según las políticas vigentes.       Biblioteca del Museo Franz Mayer (Rogerio Casas-Alatriste) Biblioteca del Museo Franz Mayer (Rogerio Casas-Alatriste) 26/06/2008   NK7142 .C78 1997 01355 22/03/2019 22/03/2019 Libros